000 00278nam a22001097a 4500
008 240711b |||||||| |||| 00| 0 eng d
100 _aHariyani, Hari
_916836
245 _aHarishchandra Jiven Kavita
260 _aBombay:
_bLok Sewa Mandal;
_c1956.
300 _a41p.
942 _cBK
999 _c39940
_d39940